مكتبة جامعة عجلون الوطنية

فهرس بحث المكتبة

The Dictionary of Banking Finance and Investment English-Arabic = قاموس مصطلحات المصارف و المال و الاستثمار إنجليزي - عربي (Record no. 14132)

MARC details
000 -LEADER
fixed length control field 01185nam a2200217Ii 4500
003 - CONTROL NUMBER IDENTIFIER
control field JO-AjNU
008 - FIXED-LENGTH DATA ELEMENTS--GENERAL INFORMATION
fixed length control field 230605s9999||||xx |||||||||||||| ||und||
020 ## - INTERNATIONAL STANDARD BOOK NUMBER
International Standard Book Number 9953-33-719-5
040 ## - CATALOGING SOURCE
Original cataloging agency JO-AjNU
Language of cataloging ara
Description conventions rda
Transcribing agency JO-AjNU
041 ## - LANGUAGE CODE
Language code of text/sound track or separate title ara
050 14 - LIBRARY OF CONGRESS CALL NUMBER
Classification number HG151.F37.2005
100 3# - MAIN ENTRY--PERSONAL NAME
Personal name الفاروقي، تحسين التاجي,
Relator term author
9 (RLIN) 27519
245 04 - TITLE STATEMENT
Title The Dictionary of Banking Finance and Investment English-Arabic = قاموس مصطلحات المصارف و المال و الاستثمار إنجليزي - عربي
250 ## - EDITION STATEMENT
Edition statement ط1
264 31 - PRODUCTION, PUBLICATION, DISTRIBUTION, MANUFACTURE, AND COPYRIGHT NOTICE
Place of production, publication, distribution, manufacture بيروت: مكتبة لبنان، 2005
300 ## - PHYSICAL DESCRIPTION
Extent 1100ص
Other physical details يشتمل على مراجع ببلوغرافية باللغة العربية واللغة الانجليزية ص(1097-1100)ويشتمل على مسرد مصطلحات إنكليزي - عربي ص(707-1096)
336 ## - CONTENT TYPE
Content type term text
Content type code txt
Source rdacontent
337 ## - MEDIA TYPE
Media type term unmediated
Media type code n
Source rdamedia
338 ## - CARRIER TYPE
Carrier type term volume
Carrier type code nc
Source rdacarrier
650 #4 - SUBJECT ADDED ENTRY--TOPICAL TERM
Topical term or geographic name entry element التمويل -- معاجم -- المصارف و الاعمال المصرفية -- معاجم -- الاستثمارات -- معاجم -- اللغة الانجليزية -- اللغة العربية. -- معاجم
9 (RLIN) 27520
Holdings
Withdrawn status Lost status Source of classification or shelving scheme Damaged status Not for loan Home library Current library Shelving location Date acquired Total Checkouts Full call number Barcode Date last seen Price effective from Koha item type
    Library of Congress Classification     مكتبة جامعة عجلون الوطنية مكتبة جامعة عجلون الوطنية المراجع 06/06/2023   HG151.F37.2005 A10564 06/06/2023 06/06/2023 Reference